Southville International School and Colleges
Your cart is empty.
  • Cart
  • Lists
    Public lists Eva Luna New books Lux_list list_1
    Your lists Log in to create your own lists
  • Log in to your account
  • Your cookies
  • Search history
Southville International School and Colleges
  • Advanced search
  • Recent comments
  • Most popular
  • Libraries

Log in to your account

Log in with GOOGLE


If you do not have an external account, but do have a local account, you can still log in:

  1. Home
  2. MARC view: What the Bleep do we know!? / :
Normal view MARC view ISBD view

What the Bleep do we know!? / : (Record no. 109362)

[ view plain ]
MARC details
000 -LEADER
fixed length control field 00433nam a2200157 a 4500
005 - DATE AND TIME OF LATEST TRANSACTION
control field 20140414093842.0
008 - FIXED-LENGTH DATA ELEMENTS--GENERAL INFORMATION
fixed length control field 081126s19uu xx 00 eng d
050 ## - LIBRARY OF CONGRESS CALL NUMBER
Classification number DVD 530.1
Item number WHA 2004
100 ## - MAIN ENTRY--PERSONAL NAME
Personal name Vicente, Mark
245 ## - TITLE STATEMENT
Title What the Bleep do we know!? / :
Statement of responsibility, etc Mark Vicente.
Remainder of title down the Rabbit hole /
250 ## - EDITION STATEMENT
Edition statement Quantum Edition
650 ## - SUBJECT ADDED ENTRY--TOPICAL TERM
Topical term or geographic name as entry element Quantum Theory.
650 ## - SUBJECT ADDED ENTRY--TOPICAL TERM
Topical term or geographic name as entry element Documentary film.
942 ## - ADDED ENTRY ELEMENTS (KOHA)
Koha item type Audio Visual Materials
Holdings
Withdrawn status Lost status Damaged status Home library Current library Shelving location Date acquired Source of acquisition Total Checkouts Full call number Barcode Date last seen Date checked out Price effective from Koha item type
      Luxembourg Library Luxembourg Library Audio Visual Material Section 11/26/2008   1 DVD 530.1 WHA 2004 AV1002 04/03/2018 03/24/2018 04/14/2014 Audio Visual Materials

What the Bleep do we know!? / :

APA

Vicente M., .What the Bleep do we know!?. : .

Chicago

Vicente Mark, .What the Bleep do we know!?. : .

Harvard

Vicente M., .What the Bleep do we know!?. : .

MLA

Vicente Mark, .: . .

  • Place hold
  • Print
  • Cite
  • Add to your cart (remove)
  • Save record
    BIBTEX Dublin Core MARCXML MARC (non-Unicode/MARC-8) MARC (Unicode/UTF-8) MARC (Unicode/UTF-8, Standard) MODS (XML) RIS
  • More searches
    Search for this title in:
    Other Libraries (WorldCat) Other Databases (Google Scholar) Online Stores (Bookfinder.com) Open Library (openlibrary.org)

Exporting to Dublin Core...

SOUTHVILLE LIBRARY

Southville International School and Colleges Library

1281 Tropical Ave. Cor. Luxembourg St., BF Homes International, Las Pinas City

Tel. No. 8256374 / 252358 Loc. 117/146

Powered by Koha